Gambling with truth : A Essay on induction and the Aims of science

Guardat en:
Dades bibliogràfiques
Autor principal: Levi, Isaac
Format: Llibre
Idioma:Undetermined
Publicat: Cambridge The MIT Press 1967
Matèries:
Etiquetes: Afegir etiqueta
Sense etiquetes, Sigues el primer a etiquetar aquest registre!
Thư viện lưu trữ: Trung tâm Học liệu Trường Đại học Cần Thơ
LEADER 00522nam a2200193Ia 4500
001 CTU_80086
008 210402s9999 xx 000 0 und d
082 |a 501 
082 |b L664 
100 |a Levi, Isaac 
245 0 |a Gambling with truth : 
245 2 |b A Essay on induction and the Aims of science 
245 0 |c Isaac Levi 
260 |a Cambridge 
260 |b The MIT Press 
260 |c 1967 
650 |a Methodology,Science 
904 |i Trọng Hải 
980 |a Trung tâm Học liệu Trường Đại học Cần Thơ